| 000 | 01214nam a2200313 i 4500 | ||
|---|---|---|---|
| 001 | 000045398 | ||
| 003 | DO-SdBNP | ||
| 005 | 20260318143401.0 | ||
| 007 | ta | ||
| 008 | 150306s2014 dr ab r 000 0 spa d | ||
| 020 | _a9789945589283 | ||
| 040 |
_aDO-SdBNP _bspa _cBNPHU _erda |
||
| 041 | _aspa | ||
| 082 | 4 |
_axxxx _bS718e _222 |
|
| 100 | 1 |
_aSoto Jiménez, José Miguel, _d1956- _eautor _4aut. _911668 |
|
| 245 | 1 | 3 |
_aEl estrategicón : _bdel arte de la guerra al arte de la política / _cJosé Miguel Soto Jiménez ; prólogo, José-Dorín-Cabrera, edición al cuidado de, Juan Carlos Mieses. |
| 264 | 1 |
_aSanto Domingo : _bEditorial Santuario, _c2014. |
|
| 300 |
_a262 páginas : _bilustraciones, mapas ; _c23 cm. |
||
| 336 |
_atexto _btxt _2rdacontent |
||
| 337 |
_asin mediación _bn _2rdamedia |
||
| 338 |
_avolumen _bnc _2rdacarrier |
||
| 500 | _aGuía para la formulación y ejecución de la estrategia política" | ||
| 500 | _aIncluye datos biográficos del autor en las solapas. | ||
| 504 | _aBibliografía : páginas 255-259 | ||
| 590 | _aInventariado, 2018/BT | ||
| 700 | 1 |
_aDorín Cabrera, José, _eprologuista _4pr. _973437 |
|
| 700 | 1 |
_aMieses, Juan Carlo, _eeditor _4ed. _973438 |
|
| 942 |
_2ddc _cLBS1 |
||
| 999 |
_c44887 _d44887 |
||